Histoire generale de Languedoc, avec des Notes & les Piéces justificatives : (Record no. 167389)

MARC details
000 -LEADER
campo de control de longitud fija 01307nam a2200265 i 4500
001 - NÚMERO DE CONTROL
campo de control 167389
003 - IDENTIFICADOR DE NÚMERO DE CONTROL
campo de control ES-MaACL
005 - FECHA Y HORA DE LA ÚLTIMA TRANSACCIÓN
campo de control 20250820122228.0
008 - DATOS DE LONGITUD FIJA--INFORMACIÓN GENERAL
campo de control de longitud fija 981124s1745 fr |||| | fre d
100 1# - ENTRADA PRINCIPAL--NOMBRE DE PERSONA
Nombre de persona Vic, Claude de.
9 (RLIN) 133664
245 10 - MENCIÓN DEL TÍTULO
Título Histoire generale de Languedoc, avec des Notes & les Piéces justificatives :
Resto del título composée sur les Auteurs & les Titres originaux, & enrichie de divers Monumens /
Mención de responsabilidad, etc. par un Religieux Bénédictin de la Congégation de S. Maur ; tome cinquiéme.
260 ## - PUBLICACIÓN, DISTRIBUCIÓN, ETC.
Lugar de publicación, distribución, etc. A Paris :
Nombre del editor, distribuidor, etc. Chez Jacques Vincent,
Fecha de publicación, distribución, etc. 1745.
300 ## - DESCRIPCIÓN FÍSICA
Extensión VII, [3], 688 p., 494 col., VIII h. de grab., 2 h. de grab., 6 h. pleg. :
Otras características físicas il. ;
Dimensiones Fol.
510 4# - NOTA DE CITAS O REFERENCIAS BIBLIOGRÁFICAS
Nombre de la fuente BARBIER,
Localización dentro de la fuente t. II, col. 809
530 ## - NOTA DISPONIBLE DE FORMULARIO FÍSICO ADICIONAL
Nota de formato físico adicional disponible Disponible en formato digital.
594 ## - Nota al título y mención de responsabilidad
Nota al título y mención de responsabilidad Barbier también atribuye la obra a Joseph Vaissette, como coautor
597 ## - NOTA DE DESCRIPCIÓN FÍSICA
NOTA DE DESCRIPCIÓN FÍSICA Sign.: a4, A-Z4, 2A-2Z4, 3A-3Z4, 4A-4R4, A-Z4, 2A4, 2B-2P2.
597 ## - NOTA DE DESCRIPCIÓN FÍSICA
NOTA DE DESCRIPCIÓN FÍSICA Letras capitales, cabeceras y h. de grab. calc.
597 ## - NOTA DE DESCRIPCIÓN FÍSICA
NOTA DE DESCRIPCIÓN FÍSICA Port. a dos tintas con grab. calc.
651 #4 - PUNTO DE ACCESO ADICIONAL DE MATERIA--NOMBRE GEOGRÁFICO
Nombre geográfico Languedoc-
Subdivisión general Historia.
9 (RLIN) 174652
700 1# - ENTRADA AGREGADA--NOMBRE PERSONAL
Nombre de persona Vaissète, Joseph,
Fechas asociadas al nombre 1685-1756
9 (RLIN) 163023
852 4# - LOCALIZACIÓN
Ubicación ES-MaACL
Número de control de estantería R-2074
Nota libre - Enc. pasta
-- - Ex-libris de la Biblioteca Real
856 4# - LOCALIZACIÓN Y ACCESO ELECTRÓNICOS
Identificador Uniforme de Recursos <a href="http://data.dm2e.eu/data/item/onb/abo/%2BZ168660102 ">http://data.dm2e.eu/data/item/onb/abo/%2BZ168660102 </a>
Nota pública Europeana
Holdings
Estatus retirado Estado de pérdida Estado de daño No para préstamo Colección Biblioteca de origen Biblioteca actual Ubicación en estantería Fecha de adquisición Fuente de adquisición Total de préstamos Signatura topográfica completa Código de barras Visto por última vez Precio de reemplazo Tipo de ítem Koha
        Colección digital Biblioteca del Ateneo de Madrid Biblioteca del Ateneo de Madrid Depósito 17/01/2008     R-2074 1175600 23/02/2023 23/02/2023 Libro impreso antiguo